000 00647nam a2200193Ia 4500
008 151121s9999||||xx |||||||||||||| ||und||
082 _a813/साठे
082 _bHNW-27874
100 _aसाठे शं।गो।
245 _aऔट घटकेचे राज्य
260 _b"एस।के। पब्लिशिंग हाऊस, पुणे।"
260 _c--
300 _a178
600 _aसाठे शं।गो।
630 _aऔट घटकेचे राज्य
700 _aसाठे शं।गो।
730 _aऔट घटकेचे राज्य
942 _cBOOK
999 _c1223663
_d1223660